| 000 | 00715nam a2200229Ia 4500 | ||
|---|---|---|---|
| 003 | OSt | ||
| 005 | 20220923214009.0 | ||
| 006 | a|||||r|||| 00| 0 | ||
| 007 | ta | ||
| 008 | 220922b |||||||| |||| 00| 0 hin d | ||
| 024 | _a166,303 | ||
| 037 | _cTextual | ||
| 040 |
_aARTS _cARTS _bhin |
||
| 041 |
_2hin _ahin |
||
| 082 | _aO152:1J32:9, J2;4 | ||
| 100 | _aदीक्षित, आनन्दप्रकाश | ||
| 245 | 0 | _aतुलसीदासः वस्तु और शिल्प | |
| 246 | _aTulasīdāsah vastu aur shilpa | ||
| 260 | _c1952 | ||
| 942 |
_hO152:1J32:9, J2;4 _cTEXL _2CC |
||
| 999 |
_c320782 _d320782 |
||